PLATO (Registro nro. 30403)
[ vista simple ]
| 000 -CABECERA | |
|---|---|
| Longitud fija campo de control | 01140naa a2200337 c 4500 |
| 001 - NÚMERO DE CONTROL | |
| Número de control | 30403 |
| 003 - IDENTIFICADOR DE NÚMERO DE CONTROL | |
| Identificador del número de control | ES-MaCES |
| 005 - FECHA Y HORA DE LA ÚLTIMA TRANSACCIÓN | |
| Fecha y hora de la última transacción | 20150925133426.0 |
| 008 - CAMPO FIJO DE DESCRIPCIÓN FIJA--INFORMACIÓN GENERAL | |
| Códigos de información de longitud fija | 971209n1996 sp ||| | spa d |
| 035 ## - NÚMERO DE CONTROL DEL SISTEMA | |
| Número de control del sistema | CES19980043524v |
| 040 ## - FUENTE DE CATALOGACIÓN | |
| Centro catalogador de origen | ES-MaCES |
| Lengua de catalogación | spa |
| Centro transcriptor | ES-MaCES |
| 100 1# - ENCABEZAMIENTO PRINCIPAL--NOMBRE PERSONAL | |
| Nombre de persona | Pierre, Lut |
| 9 (RLIN) | 21005 |
| 245 10 - MENCIÓN DE TÍTULO | |
| Título | PLATO |
| Número de parte o sección de la obra | Lut Pierre y Jo Stas |
| Resto del título | : un camino hacia Europa para las Pequeñas y Medianas Empresas |
| 630 04 - ASIENTO SECUNDARIO DE MATERIA--TÍTULO UNIFORME | |
| Título uniforme | Proyecto PLATO |
| 9 (RLIN) | 33241 |
| 650 #4 - ASIENTO SECUNDARIO DE MATERIA--TÉRMINO DE MATERIA | |
| Término de materia o nombre geográfico como elemento inicial | consultor de empresas |
| 9 (RLIN) | 28189 |
| 650 #4 - ASIENTO SECUNDARIO DE MATERIA--TÉRMINO DE MATERIA | |
| Término de materia o nombre geográfico como elemento inicial | desarrollo regional |
| 9 (RLIN) | 29186 |
| 650 #4 - ASIENTO SECUNDARIO DE MATERIA--TÉRMINO DE MATERIA | |
| Término de materia o nombre geográfico como elemento inicial | organización de la empresa |
| 9 (RLIN) | 28193 |
| 650 #4 - ASIENTO SECUNDARIO DE MATERIA--TÉRMINO DE MATERIA | |
| Término de materia o nombre geográfico como elemento inicial | gestión industrial |
| 9 (RLIN) | 27644 |
| 650 #4 - ASIENTO SECUNDARIO DE MATERIA--TÉRMINO DE MATERIA | |
| Término de materia o nombre geográfico como elemento inicial | alta dirección |
| 9 (RLIN) | 28192 |
| 650 #4 - ASIENTO SECUNDARIO DE MATERIA--TÉRMINO DE MATERIA | |
| Término de materia o nombre geográfico como elemento inicial | fomento del empleo |
| 9 (RLIN) | 30270 |
| 650 #4 - ASIENTO SECUNDARIO DE MATERIA--TÉRMINO DE MATERIA | |
| Término de materia o nombre geográfico como elemento inicial | cooperación empresarial |
| 9 (RLIN) | 31742 |
| 650 #4 - ASIENTO SECUNDARIO DE MATERIA--TÉRMINO DE MATERIA | |
| Término de materia o nombre geográfico como elemento inicial | pequeña empresa |
| 9 (RLIN) | 30173 |
| 653 10 - TÉRMINO DE INDEXACIÓN--NO CONTROLADO | |
| Término no controlado | Empresa |
| 650 #4 - ASIENTO SECUNDARIO DE MATERIA--TÉRMINO DE MATERIA | |
| 9 (RLIN) | 28198 |
| Término de materia o nombre geográfico como elemento inicial | administración |
| 650 #4 - ASIENTO SECUNDARIO DE MATERIA--TÉRMINO DE MATERIA | |
| 9 (RLIN) | 28178 |
| Término de materia o nombre geográfico como elemento inicial | empresa |
| 700 1# - ENCABEZAMIENTO SECUNDARIO--NOMBRE PERSONAL | |
| Nombre de persona | Stas, Jo |
| 9 (RLIN) | 24410 |
| 773 0# - ENTRADA DE DOCUMENTO FUENTE | |
| Título | Economía industrial |
| Parte(s) relacionada(s) | N. 309 (1996, 3){10145 R. 019463}; p. 117-126 |
| Número de control del registro relacionado | (ES-MaCES)25163 |
| Itemnumber del ítem fuente | 38283 |
| 902 ## - CES. TIPO DE DOCUMENTO | |
| Tipodoc (006$c Sirtex) | ART Artículo de revista |
| 942 ## - ELEMENTOS KOHA | |
| Fuente de clasificaión o esquema | Clasificación propia del CES |
| Koha [por defecto] tipo de item | Artículos (1982-2017) |
| Parte de clasificación | 0.0. |
No hay ítems disponibles.
